[Event "ch-FRA Blitz Online Qual"]
[Site "Europe-Chess INT"]
[Date "2020.05.16"]
[Round "6"]
[White "Joly, Charlotte"]
[Black "Pineau, Patrick"]
[Result "1-0"]
[WhiteElo "1454"]
[BlackElo "1349"]
[WhiteFideId "36022292"]
[BlackFideId "20673329"]
[EventDate "2020.05.16"]

1. d4 c5 2. c3 e6 3. Bf4 a6 4. e3 b5 5. Nf3 Nc6 6. a3 Bb7 7. Be2 d6 8. O-O Nf6
9. Nbd2 cxd4 10. exd4 d5 11. Re1 Ne4 12. Nxe4 dxe4 13. Nd2 Bd6 14. Bxd6 Qxd6 15.
Nxe4 Qc7 16. Nc5 O-O 17. Nxb7 Qxb7 18. Bf3 Rac8 19. Be4 f5 20. Bf3 Qc7 21. Rxe6
Nd8 22. Re1 Qf4 23. Bd5+ Kh8 24. Qf3 Qxf3 25. Bxf3 Nf7 26. Re2 Ng5 27. Bb7 Rce8
28. Rae1 Rxe2 29. Rxe2 h5 30. h4 Ne4 31. Bxe4 fxe4 32. Rxe4 Rf6 33. g3 Kh7 34.
Kg2 Kh6 35. Rf4 Re6 36. Kf1 Rb6 37. Re4 a5 38. d5 Rd6 39. Re6+ Rxe6 40. dxe6 Kg6
41. f4 Kf6 42. Ke2 Kxe6 43. Kd3 Kd5 44. Ke3 Kc4 45. Kd2 Kb3 46. Kc1 a4 47. f5
Kc4 48. Kc2 Kd5 49. Kd3 Ke5 50. Ke3 Kxf5 51. Kd4 Kg4 52. Kc5 Kxg3 53. Kxb5 Kxh4
54. c4 Kg5 55. c5 h4 56. c6 h3 57. c7 h2 58. c8=Q h1=Q 59. Qd8+ Kg6 60. Qd6+ Kh7
61. Qd3+ Kh8 62. Qd8+ Kh7 63. Qd3+ Kh8 64. Kxa4 Qa8+ 65. Kb3 Qb7+ 66. Ka2 Qf7+
67. Qb3 Qf6 68. a4 Qd6 69. Qc3 Qa6 70. Ka3 Qd6+ 71. Qb4 Qd3+ 72. b3 Qb1 73. Qd4
Qc1+ 74. Qb2 Qc5+ 75. b4 Qe3+ 76. Qb3 Qc1+ 77. Ka2 Qd2+ 78. Qb2 Qd5+ 79. Ka3
Qd3+ 80. Qb3 Qd4 81. Qh3+ Kg8 82. Qe6+ Kh8 83. Qe8+ Kh7 84. Qh5+ Kg8 85. a5 Qc3+
86. Ka4 Qc6+ 87. Kb3 Qe6+ 88. Kc3 Qf6+ 89. Kc4 Qc6+ 90. Qc5 Qe4+ 91. Kb5 Qd3+
92. Qc4+ Qxc4+ 93. Kxc4 g6 94. b5 g5 95. b6 g4 96. b7 g3 97. b8=Q+ Kg7 98. Qxg3+
Kf6 99. a6 Kf5 100. a7 Ke4 101. a8=Q+ Kf5 102. Qe8 Kf6 103. Qf3+ Kg7 104. Qff7+
Kh6 105. Qg6# 1-0

[Event "ch-FRA Blitz Online Qual"]
[Site "Europe-Chess INT"]
[Date "2020.05.16"]
[Round "6"]
[White "Coutton, Aurelien"]
[Black "Gouait, Raymond"]
[Result "0-1"]
[WhiteElo "1211"]
[BlackElo "1566"]
[WhiteFideId "45121443"]
[BlackFideId "20621604"]
[EventDate "2020.05.16"]

1. d4 Nf6 2. c4 e6 3. Nf3 b6 4. Nc3 Bb7 5. Qc2 Bb4 6. a3 Bxc3+ 7. Qxc3 Ne4 8.
Qc2 O-O 9. Bf4 d5 10. cxd5 exd5 11. e3 c6 12. Bd3 Re8 13. O-O Nd7 14. Nd2 Ndf6
15. Nxe4 dxe4 16. Bc4 Rc8 17. Qb3 Nd5 18. Be5 b5 19. Be2 c5 20. Qxb5 cxd4 21.
Qxb7 Rxe5 22. exd4 Re7 23. Qxa7 Rxa7 24. Rac1 Rxc1 25. Rxc1 Rc7 0-1

[Event "ch-FRA Blitz Online Qual"]
[Site "Europe-Chess INT"]
[Date "2020.05.16"]
[Round "6"]
[White "Grimault, Leane"]
[Black "Quenehen, Nassim"]
[Result "1-0"]
[WhiteElo "1622"]
[BlackElo "1322"]
[WhiteFideId "36056847"]
[BlackFideId "45154198"]
[EventDate "2020.05.16"]

1. c4 c5 2. Nc3 d6 3. g3 Nc6 4. Bg2 Bd7 5. d3 Qc7 6. Nf3 g6 7. b3 Bg7 8. Bb2 Qa5
9. Qc2 Nb4 10. Qd2 Nf6 11. O-O O-O 12. a3 Nc6 13. h3 Qc7 14. Nd5 Nxd5 15. cxd5
Bxb2 16. Qxb2 Ne5 17. Nxe5 dxe5 18. Rac1 Rac8 19. b4 b6 20. Rc2 Qd6 21. Rfc1
cxb4 22. axb4 Rxc2 23. Rxc2 Rc8 24. Rxc8+ Bxc8 25. e4 Qc7 26. d4 exd4 27. Qxd4
Ba6 28. Qa1 Qc4 29. Qe5 Qc1+ 30. Kh2 Qg5 31. Qxg5 f6 32. Qc1 Kg7 33. Qc7 Be2 34.
Qxe7+ Kh6 35. g4 Bb5 36. f4 a5 37. g5+ fxg5 38. fxg5+ Kh5 39. Kg3 Be2 40. h4 h6
41. gxh6 Kxh6 42. Qg5+ Kg7 43. Bf3 Bc4 44. Kf4 a4 45. Bh5 a3 46. Qxg6+ Kh8 47.
Kg5 Be2 48. Kh6 Bxh5 49. Qg7# 1-0

[Event "ch-FRA Blitz Online Qual"]
[Site "Europe-Chess INT"]
[Date "2020.05.16"]
[Round "6"]
[White "Le Cainec, Erwan"]
[Black "Droulout, Paul"]
[Result "0-1"]
[WhiteElo "1052"]
[BlackElo "1176"]
[WhiteFideId "36089583"]
[BlackFideId "45109770"]
[EventDate "2020.05.16"]

1. d4 Nf6 2. c4 e6 3. Nc3 Bb4 4. Bg5 h6 5. Bh4 c5 6. Nf3 O-O 7. e3 Nc6 8. Be2
Bxc3+ 9. bxc3 cxd4 10. cxd4 d5 11. O-O dxc4 12. Ne5 Qd6 13. Bxf6 gxf6 14. Nxc4
Qd7 15. Bh5 Kh7 16. Qf3 Rg8 17. Qxf6 Qd5 18. Qxf7+ Rg7 19. Qf3 Qxc4 20. Rac1
Qxa2 21. Rfd1 Qd5 22. e4 Qg5 23. g3 Bd7 24. d5 exd5 25. exd5 Ne5 26. Qe2 Bg4 27.
Qc2+ Kh8 28. Qc3 Qxh5 29. f3 Bh3 30. Kf2 Rf7 31. Qe3 Qxf3+ 32. Qxf3 Rxf3+ 33.
Ke2 Rff8 34. Re1 Bg4+ 35. Kd2 Nf3+ 36. Ke2 Nxe1+ 37. Kxe1 Rae8+ 0-1

[Event "ch-FRA Blitz Online Qual"]
[Site "Europe-Chess INT"]
[Date "2020.05.16"]
[Round "6"]
[White "Cherfils, Richard"]
[Black "Negre, Maxime"]
[Result "0-1"]
[WhiteElo "1356"]
[BlackElo "1105"]
[WhiteFideId "36072362"]
[BlackFideId "45187231"]
[EventDate "2020.05.16"]

1. e4 e5 2. Nf3 Nc6 3. Bc4 Bc5 4. c3 Nf6 5. b4 Bb6 6. a4 a6 7. a5 Ba7 8. O-O O-O
9. d3 h6 10. Nbd2 d5 11. exd5 Nxd5 12. Bxd5 Qxd5 13. d4 exd4 14. Re1 dxc3 15.
Ne4 Qxd1 16. Rxd1 c2 17. Rd2 Bf5 18. Re2 Rad8 19. Bb2 Rd1+ 20. Re1 Rxa1 21. Bxa1
Nxb4 22. Ned2 Nd3 23. Rf1 c1=Q 24. Rxc1 Nxc1 25. Ne5 Nd3 26. Ndf3 Nxe5 27. Nxe5
Re8 28. h3 Bb8 29. g4 Bg6 30. f4 f6 31. Nxg6 Re1+ 32. Kf2 Rxa1 0-1

[Event "ch-FRA Blitz Online Qual"]
[Site "Europe-Chess INT"]
[Date "2020.05.16"]
[Round "6"]
[White "Anas, Raphael"]
[Black "Frazao, Pascal"]
[Result "1-0"]
[WhiteElo "1421"]
[BlackElo "1165"]
[WhiteFideId "45115770"]
[BlackFideId "45127557"]
[EventDate "2020.05.16"]

1. e4 c6 2. d4 d5 3. Nc3 e6 4. e5 Bb4 5. Bd2 Nd7 6. Bd3 f6 7. exf6 Ngxf6 8. Nf3
O-O 9. O-O Qe7 10. Ne2 Bd6 11. Bf4 Bxf4 12. Nxf4 b5 13. Qe2 Nb6 14. Rae1 Qb4 15.
Nxe6 Bxe6 16. Qxe6+ Rf7 17. Ng5 Rf8 18. Nxf7 Rxf7 19. Qxc6 Qxd4 20. Qc3 Qxc3 21.
bxc3 a6 22. Re2 Nbd7 23. Rfe1 g6 24. Re7 Kg7 25. Rxf7+ Kxf7 26. Be2 Nb6 27. Bf3
Na4 28. Re5 Nxc3 29. a3 Kg7 30. h3 h5 31. Kh2 g5 32. Re6 Kg6 33. Rxa6 d4 34. Rc6
Na4 35. Be4+ Kg7 36. Rc7+ 1-0

[Event "ch-FRA Blitz Online Qual"]
[Site "Europe-Chess INT"]
[Date "2020.05.16"]
[Round "6"]
[White "Menoux, Abel"]
[Black "Mokrani, Romuhald"]
[Result "1-0"]
[WhiteElo "1141"]
[BlackElo "1358"]
[WhiteFideId "36087173"]
[BlackFideId "551061279"]
[EventDate "2020.05.16"]

1. d4 d5 2. Nf3 Nf6 3. Bf4 e6 4. e3 Be7 5. c4 c6 6. c5 Nbd7 7. Bd3 O-O 8. O-O b6
9. b4 Ne4 10. Nbd2 Nc3 11. Qc2 Nb5 12. Bxh7+ Kh8 13. Bd3 Nf6 14. Be5 Bb7 15.
Bxb5 cxb5 16. c6 Rc8 17. c7 Qd7 18. Ng5 g6 19. Bxf6+ Bxf6 20. Ndf3 Rxc7 21. Qe2
Rfc8 22. h4 Kg7 23. Ne5 Qd8 24. Ngxf7 Rxf7 25. Nxf7 Kxf7 26. h5 Qg8 27. Qf3 Ke7
28. Rac1 g5 29. Rxc8 Bxc8 30. Rc1 Bd7 31. Rc7 Qd8 32. Rxa7 Qb8 33. Ra3 Qd6 34.
h6 Kf7 35. h7 Ke7 36. Qxf6+ Kxf6 37. h8=Q+ Kf5 38. Qh7+ Kg4 39. f3+ Kg3 40. Qh3# 1-0

[Event "ch-FRA Blitz Online Qual"]
[Site "Europe-Chess INT"]
[Date "2020.05.16"]
[Round "6"]
[White "Tempier, Martin"]
[Black "Lebrun, Mathieu"]
[Result "1-0"]
[WhiteElo "1357"]
[BlackElo "1177"]
[WhiteFideId "36009300"]
[BlackFideId "36094099"]
[EventDate "2020.05.16"]

1. e4 e5 2. Nf3 Nf6 3. Nxe5 d6 4. Nf3 Nxe4 5. Nc3 Nxc3 6. dxc3 Bf5 7. Bd3 Qf6 8.
Bg5 Qe6+ 9. Qe2 Qxe2+ 10. Kxe2 h6 11. Bh4 Bg6 12. Bxg6 fxg6 13. Rhe1 Nc6 14.
Kf1+ Be7 15. Nd4 O-O 16. Bxe7 Rfe8 17. Nxc6 bxc6 18. Bh4 Rf8 19. Re7 Rf7 20.
Rae1 Raf8 21. Rxf7 Rxf7 22. Re8+ Rf8 23. Rxf8+ Kxf8 24. Ke2 Kf7 25. Ke3 Ke6 26.
Ke4 d5+ 27. Kf4 g5+ 28. Bxg5 hxg5+ 29. Kxg5 Kf7 30. h4 a5 31. h5 c5 32. h6 gxh6+
33. Kxh6 Kf6 34. g4 d4 35. cxd4 cxd4 36. g5+ Kf7 37. Kh7 c5 38. g6+ Kf6 39. g7
c4 40. g8=Q c3 41. bxc3 d3 42. cxd3 a4 43. Qe8 a3 44. c4 Kf5 45. c5 Kf4 46. c6
Kf3 47. c7 Kg2 48. c8=Q Kf1 49. Qf5 Kg1 50. Qeg6+ Kf1 51. Qfh5 Ke1 52. Qe5+ Kf1
53. f4 Kf2 54. Qd4+ Kf3 55. Qde4+ Kf2 56. Qgg2# 1-0

[Event "ch-FRA Blitz Online Qual"]
[Site "Europe-Chess INT"]
[Date "2020.05.16"]
[Round "6"]
[White "Trimbitasu, Elyas"]
[Black "Gabino, Karl"]
[Result "0-1"]
[WhiteElo "1175"]
[BlackElo "1331"]
[WhiteFideId "551013410"]
[BlackFideId "45135886"]
[EventDate "2020.05.16"]

1. e4 c5 2. Nf3 g6 3. Nc3 Bg7 4. Bc4 Nc6 5. Ng5 e6 6. d3 Nge7 7. Nf3 O-O 8. Bf4
d5 9. Bb5 a6 10. Bxc6 Nxc6 11. e5 b5 12. a3 Bb7 13. Na2 d4 14. b4 c4 15. dxc4
bxc4 16. c3 d3 17. O-O Qc7 18. Re1 Ne7 19. Nc1 Nd5 20. Bg3 Nxc3 21. Nxd3 Nxd1
22. Rc1 Bxf3 23. gxf3 Qe7 24. Rxc4 Rac8 25. Rxc8 Rxc8 26. Rxd1 Rd8 27. Nb2 Rxd1+
28. Nxd1 Qd7 29. Ne3 Qd3 30. Kg2 Qxa3 31. Nc2 Qc3 32. Ne3 Qxb4 33. Ng4 a5 34.
Nf6+ Bxf6 35. exf6 a4 36. Be5 a3 37. Ba1 Qb1 38. Be5 a2 39. f4 Qf5 40. Kg3 Qxe5
41. fxe5 a1=Q 42. h4 Qxe5+ 43. Kg4 Qf5+ 44. Kg3 h5 45. f4 Qg4+ 46. Kf2 Qxf4+ 47.
Kg2 Kf8 48. Kh3 Qg4+ 49. Kh2 Ke8 50. Kh1 Kd7 51. Kh2 Kd6 52. Kh1 Ke5 53. Kh2 Kf4
54. Kh1 Kf3 55. Kh2 Qg2# 0-1

[Event "ch-FRA Blitz Online Qual"]
[Site "Europe-Chess INT"]
[Date "2020.05.16"]
[Round "6"]
[White "Langer, Franck"]
[Black "Briguet, Remi"]
[Result "1-0"]
[WhiteElo "1327"]
[BlackElo "1160"]
[WhiteFideId "45175063"]
[BlackFideId "551081210"]
[EventDate "2020.05.16"]

1. d4 d5 2. c4 e6 3. Nc3 Nf6 4. Bg5 dxc4 5. e3 Be7 6. Bxc4 Kf8 7. Nf3 Nc6 8. O-O
Qd6 9. a3 e5 10. Nb5 Qd7 11. dxe5 Ne4 12. Qxd7 Bxd7 13. Bxe7+ Kxe7 14. Nxc7 Rac8
15. Nd5+ Kf8 16. Rfd1 Re8 17. Nc7 Re7 18. Nd5 Re8 19. Nc3 Nxe5 20. Nxe5 Rxe5 21.
Rxd7 Nxc3 22. bxc3 g6 23. Rad1 Kg7 24. Rxf7+ Kh6 25. Rxb7 Rc5 26. Rd4 Rhc8 27.
Rb4 a5 28. Ra4 Rg5 29. g3 Rf8 30. Bd3 Rgf5 31. Rh4+ Kg7 32. Bxf5 gxf5 33. Rxa5
Rd8 34. Rxf5 Rd1+ 35. Kg2 Rd3 36. Rg4+ Kh8 37. Rf8# 1-0

[Event "ch-FRA Blitz Online Qual"]
[Site "Europe-Chess INT"]
[Date "2020.05.16"]
[Round "6"]
[White "Rieger, Lylian"]
[Black "Gouja, Wissem"]
[Result "0-1"]
[WhiteElo "1148"]
[BlackElo "1346"]
[WhiteFideId "551000105"]
[BlackFideId "551013800"]
[EventDate "2020.05.16"]

1. e4 e5 2. Nf3 Nc6 3. Bc4 Bc5 4. Nc3 Nf6 5. d3 O-O 6. Be3 Bb6 7. Bxb6 axb6 8.
O-O Na5 9. Bd5 c6 10. Bb3 d6 11. Qd2 Nxb3 12. axb3 Be6 13. d4 exd4 14. Qxd4 b5
15. e5 dxe5 16. Qxe5 Nd5 17. Nxd5 Bxd5 18. Ng5 f6 19. Rxa8 Qxa8 20. Qc3 fxg5 21.
h3 Qc8 22. Re1 Qf5 23. Re8 Qxf2+ 24. Kh1 Qxg2# 0-1

[Event "ch-FRA Blitz Online Qual"]
[Site "Europe-Chess INT"]
[Date "2020.05.16"]
[Round "6"]
[White "Mirguet, Vladislav"]
[Black "Lambert Hoareau, Guillaume"]
[Result "0-1"]
[WhiteElo "1073"]
[BlackElo "1348"]
[WhiteFideId "45136432"]
[BlackFideId "45172323"]
[EventDate "2020.05.16"]

1. d4 b6 2. e4 Bb7 3. Nc3 Nf6 4. e5 Nd5 5. Nxd5 Bxd5 6. Nf3 e6 7. Bg5 Be7 8.
Bxe7 Qxe7 9. Bb5 a6 10. Ba4 b5 11. Bb3 Bb7 12. O-O d6 13. Re1 d5 14. c3 Nd7 15.
Bc2 f6 16. Nh4 fxe5 17. Qd3 Qxh4 18. g3 Qh3 19. dxe5 d4 20. f3 O-O-O 21. Rf1
Nxe5 22. Rae1 Nxd3 23. Bxd3 dxc3 24. bxc3 Rxd3 25. Rxe6 Bxf3 26. Rxf3 Rd1+ 27.
Kf2 Qf1+ 28. Ke3 Rd3+ 29. Ke4 Qxf3+ 0-1

[Event "ch-FRA Blitz Online Qual"]
[Site "Europe-Chess INT"]
[Date "2020.05.16"]
[Round "6"]
[White "Fronius, Lino"]
[Black "Guigay, Joel"]
[Result "1-0"]
[WhiteElo "1313"]
[BlackElo "1315"]
[WhiteFideId "36050083"]
[BlackFideId "45174016"]
[EventDate "2020.05.16"]

1. e4 e5 2. Nf3 Nc6 3. Bc4 d6 4. d3 Be7 5. Nc3 Bg4 6. Be3 Nf6 7. h3 Bh5 8. g4
Bg6 9. Nh4 Qd7 10. Qd2 h6 11. Nxg6 fxg6 12. Nd5 O-O-O 13. Bb5 a6 14. Ba4 Kb8 15.
b4 b5 16. Bb3 Nxd5 17. Bxd5 g5 18. a4 Na7 19. Bxa7+ Kxa7 20. axb5 Qxb5 21. Bc4
Qb8 22. Bxa6 Kb6 23. Qe3+ c5 24. bxc5+ dxc5 25. Ke2 Kc6 26. Rhb1 Qc7 27. Rb7 Qd6
28. Rab1 Rb8 29. R1b6# 1-0

[Event "ch-FRA Blitz Online Qual"]
[Site "Europe-Chess INT"]
[Date "2020.05.16"]
[Round "6"]
[White "Baudouin, Moise"]
[Black "Vidoni, Salma"]
[Result "0-1"]
[WhiteElo "1135"]
[BlackElo "1309"]
[WhiteFideId "45116369"]
[BlackFideId "45107556"]
[EventDate "2020.05.16"]

1. c4 f5 2. g3 Nf6 3. Bg2 e6 4. Nf3 Be7 5. O-O O-O 6. d4 d5 7. b3 c6 8. Nc3 Bd7
9. Bf4 Be8 10. cxd5 exd5 11. Ne5 Bh5 12. Qd3 Ne4 13. Rac1 Nd7 14. f3 Ng5 15. h4
Ne6 16. Nxd7 Nxf4 17. gxf4 Qxd7 18. Bh3 Bxh4 19. Nd1 Qe6 20. Nf2 Qg6+ 21. Bg2
Rae8 22. Nh3 Qg3 23. e4 fxe4 24. Qe2 exf3 25. Qf2 0-1

[Event "ch-FRA Blitz Online Qual"]
[Site "Europe-Chess INT"]
[Date "2020.05.16"]
[Round "6"]
[White "Remtoula, Naushad"]
[Black "Serieys, Philippe"]
[Result "0-1"]
[WhiteElo "1126"]
[BlackElo "1210"]
[WhiteFideId "551060019"]
[BlackFideId "36092576"]
[EventDate "2020.05.16"]

1. c4 e5 2. g3 d6 3. Bg2 c5 4. Nc3 Nc6 5. e4 Nf6 6. Nge2 Be7 7. d3 O-O 8. O-O
Be6 9. Nd5 Qd7 10. Bg5 Qd8 11. f4 h6 12. Bxf6 Bxf6 13. fxe5 Bxe5 14. Nef4 Bd7
15. Bh3 Bxf4 16. Nxf4 Bxh3 17. Nxh3 Qd7 18. Rf4 Qxh3 19. Rh4 Qe6 20. Qg4 Qxg4
21. Rxg4 Nd4 22. Rf1 f5 23. Rg6 fxe4 24. Rxf8+ Rxf8 25. Rxd6 Rf6 26. Rd8+ Kh7
27. g4 Nf3+ 28. Kg2 Nd2 29. Rd5 b6 30. g5 hxg5 31. Rxg5 Re6 32. Rh5+ Kg6 33. Rh4
e3 34. Rg4+ Kf7 35. Rf4+ Kg8 36. h4 e2 37. h5 e1=Q 0-1

[Event "ch-FRA Blitz Online Qual"]
[Site "Europe-Chess INT"]
[Date "2020.05.16"]
[Round "6"]
[White "Hegedus, Pascal"]
[Black "Migus, Ethan"]
[Result "0-1"]
[WhiteElo "1283"]
[BlackElo "1084"]
[WhiteFideId "20604289"]
[BlackFideId "551047594"]
[EventDate "2020.05.16"]

1. e4 d5 2. e5 c5 3. Nf3 Nc6 4. Bb5 Bd7 5. O-O e6 6. c3 Nge7 7. d3 g6 8. Re1 Bg7
9. d4 c4 10. Ba4 O-O 11. Nbd2 Nf5 12. Nf1 a6 13. Bc2 Nh4 14. Nxh4 Qxh4 15. Qf3
Qh5 16. Qg3 Ne7 17. h3 Nf5 18. Bxf5 exf5 19. Nh2 Bh6 20. Bxh6 Qxh6 21. Nf3 f4
22. Qg5 Qxg5 23. Nxg5 h6 24. Nf3 Rfe8 25. b3 b5 26. bxc4 bxc4 27. Reb1 Bf5 28.
Rb7 Reb8 29. Rb4 Rxb4 30. cxb4 Rb8 31. a3 Be4 32. Nd2 Kg7 33. f3 Bf5 34. g4 Be6
35. Kf2 g5 36. Nb1 Rb7 37. Nc3 Rb8 38. Rb1 Kf8 39. Na4 a5 40. Nc5 axb4 41. axb4
Ke7 42. Ke2 Bd7 43. Kd2 Be6 44. Kc3 Bd7 45. Nd3 cxd3 46. Kxd3 Bb5+ 47. Kc3 Bd7
48. Kd3 Kd8 49. Kc2 Rc8+ 50. Kb3 Rb8 51. b5 Rxb5+ 52. Kc2 Rxb1 53. Kxb1 Kc7 54.
Kc2 Kc6 55. Kc3 Kb6 56. Kb4 Bc6 57. Kc3 Kb5 58. Kb3 Bd7 59. Kc3 Bc8 60. Kb3 Ba6
61. Kc3 Ka4 62. Kd2 Kb3 63. Kc1 Kc3 64. Kd1 Kxd4 65. Ke1 Kxe5 66. Kd2 Kd4 67.
Ke1 Ke3 0-1

[Event "ch-FRA Blitz Online Qual"]
[Site "Europe-Chess INT"]
[Date "2020.05.16"]
[Round "6"]
[White "Langer, Karele"]
[Black "Remtoula, Jamal"]
[Result "1-0"]
[WhiteElo "1282"]
[BlackElo "1070"]
[WhiteFideId "551017938"]
[BlackFideId "551099853"]
[EventDate "2020.05.16"]

1. d4 d5 2. c4 c6 3. cxd5 cxd5 4. Nc3 Nf6 5. Bf4 Qa5 6. e3 Nbd7 7. Nf3 Ne4 8.
Rc1 Ndc5 9. Bb5+ Bd7 10. Bxd7+ Kxd7 11. O-O Na4 12. Nxa4 Qb4 13. Nc5+ Kc6 14.
Na6+ Kb6 15. Nxb4 e6 16. Qa4 1-0

[Event "ch-FRA Blitz Online Qual"]
[Site "Europe-Chess INT"]
[Date "2020.05.16"]
[Round "6"]
[White "Zanin, Sylvie"]
[Black "Bachy, Louis"]
[Result "1-0"]
[WhiteElo "1001"]
[BlackElo "1264"]
[WhiteFideId "45115532"]
[BlackFideId "45161178"]
[EventDate "2020.05.16"]

1. e4 c5 2. Nf3 d6 3. Bc4 Nf6 4. Nc3 e6 5. d3 a6 6. a3 d5 7. exd5 exd5 8. Ba2
Be7 9. O-O O-O 10. Bg5 Be6 11. Re1 Nc6 12. Ne2 Qc7 13. Nf4 Bg4 14. h3 Bxf3 15.
Qxf3 Rad8 16. c3 h6 17. Bh4 g5 18. Bxg5 hxg5 19. Nh5 Nxh5 20. Qxh5 Bf6 21. Rad1
Kg7 22. Qg4 Qf4 23. Qxf4 gxf4 24. f3 Bh4 25. Re2 Rg8 26. c4 d4 27. Bb3 Kf6 28.
Re4 Bg3 29. Ba4 Rge8 30. Bxc6 bxc6 31. b4 Rxe4 32. fxe4 cxb4 33. axb4 Rb8 34.
Ra1 Rb6 35. b5 cxb5 36. cxb5 axb5 37. Kf1 Ke5 38. Ke2 b4 39. Kf3 b3 40. Rb1 b2
41. Kg4 Rg6+ 42. Kh5 Rb6 43. h4 Rb3 44. Kg4 1-0

[Event "ch-FRA Blitz Online Qual"]
[Site "Europe-Chess INT"]
[Date "2020.05.16"]
[Round "6"]
[White "Manvieu, Paul"]
[Black "Le Neindre, Yael"]
[Result "0-1"]
[WhiteElo "1018"]
[BlackElo "1258"]
[WhiteFideId "651000482"]
[BlackFideId "551064260"]
[EventDate "2020.05.16"]

1. e4 e5 2. Nf3 Nf6 3. Nxe5 d6 4. Nf3 Nxe4 5. Nc3 Nxc3 6. dxc3 Be7 7. Bc4 O-O 8.
h4 Nc6 9. h5 Re8 10. Nd2 Bg5+ 11. Kf1 Qe7 12. Nf3 Bxc1 13. Rxc1 Be6 14. Be2 Bg4
15. h6 g6 16. Qe1 Ne5 17. Rd1 Nxf3 18. Bxf3 Qxe1+ 19. Rxe1 Rxe1+ 20. Kxe1 Re8+
21. Kf1 Bxf3 22. gxf3 Re5 23. Kg2 Re2 24. Rc1 f5 25. b4 a6 26. a4 Kf7 27. c4 Kf6
28. c3 Ra2 29. a5 Kg5 30. Re1 b6 31. axb6 cxb6 32. Re6 a5 33. bxa5 bxa5 34. Rxd6
a4 35. c5 Rc2 36. Ra6 Rxc3 37. c6 a3 38. c7 Kxh6 39. Rxa3 Rxc7 40. Re3 Rd7 41.
Kg3 Kg5 42. f4+ Kh5 43. Rf3 Rf7 44. Kg2 g5 45. Rh3+ Kg4 46. fxg5 Kxg5 47. Rg3+
Kf4 48. Rf3+ Ke4 49. Re3+ Kd4 50. Rf3 f4 51. Kh3 Ke4 52. Kg4 Rg7+ 53. Kh5 Kxf3
54. Kh6 Kxf2 55. Kxg7 Ke2 56. Kxh7 f3 57. Kg6 f2 58. Kf5 f1=Q+ 59. Ke6 Kd2 60.
Kd6 Qe2 61. Kd7 Ke3 62. Kc7 Kf4 63. Kd7 Kf5 64. Kc7 Qd2 65. Kc8 Ke6 66. Kc7 Qd1
67. Kc6 Qc1+ 68. Kb7 Kd5 69. Kb8 Kd6 70. Kb7 Qc7+ 71. Ka6 Qb8 72. Ka5 Kc5 73.
Ka4 Qb4# 0-1

[Event "ch-FRA Blitz Online Qual"]
[Site "Europe-Chess INT"]
[Date "2020.05.16"]
[Round "7"]
[White "Jobava, Baadur"]
[Black "Vedmediuc, Serghei"]
[Result "1/2-1/2"]
[WhiteTitle "GM"]
[BlackTitle "IM"]
[WhiteElo "2603"]
[BlackElo "2464"]
[WhiteFideId "13601520"]
[BlackFideId "13900790"]
[EventDate "2020.05.16"]

1. d4 d5 2. c4 c6 3. Nc3 Nf6 4. cxd5 cxd5 5. Bf4 Nc6 6. Nf3 Bf5 7. e3 e6 8. Bb5
Nd7 9. O-O Be7 10. Rc1 O-O 11. h3 Qb6 12. Qe2 Rfc8 13. a3 a6 14. Ba4 Qd8 15. Nd2
b5 16. Bc2 Bxc2 17. Rxc2 b4 18. axb4 Nxb4 19. Rcc1 Nb6 20. Ra1 Nc4 21. Nxc4 Rxc4
22. Ra4 Rac8 23. Rfa1 h6 24. g4 Bd6 25. Bxd6 Qxd6 26. Kg2 e5 27. dxe5 Qxe5 28.
Ra5 Qe6 29. Rd1 Qc6 30. Qf3 d4 31. Rxd4 Rxd4 32. exd4 Qc4 33. Qe4 Rd8 34. Re5 g6
35. Re8+ Rxe8 36. Qxe8+ Kg7 37. Qe5+ Kg8 38. Qc5 Qb3 39. d5 Qxb2 40. Qd4 Nxd5
41. Qxd5 Qxc3 42. Qa8+ Kg7 43. Qxa6 1/2-1/2

[Event "ch-FRA Blitz Online Qual"]
[Site "Europe-Chess INT"]
[Date "2020.05.16"]
[Round "7"]
[White "Choukri, Adel"]
[Black "Safarli, Eltaj"]
[Result "0-1"]
[WhiteTitle "FM"]
[BlackTitle "GM"]
[WhiteElo "2311"]
[BlackElo "2598"]
[WhiteFideId "9000399"]
[BlackFideId "13402129"]
[EventDate "2020.05.16"]

1. e4 e5 2. Nf3 Nc6 3. Bb5 a6 4. Ba4 d6 5. d4 b5 6. Bb3 Nxd4 7. Nxd4 exd4 8. Bd5
Rb8 9. Qxd4 Ne7 10. O-O c6 11. Qa7 Rb7 12. Qxa6 cxd5 13. exd5 Qb6 14. Qa8 Ra7
15. Be3 Qxe3 16. fxe3 Rxa8 0-1

[Event "ch-FRA Blitz Online Qual"]
[Site "Europe-Chess INT"]
[Date "2020.05.16"]
[Round "7"]
[White "Barbot, Pierre1"]
[Black "Baklan, Vladimir"]
[Result "0-1"]
[WhiteTitle "IM"]
[BlackTitle "GM"]
[WhiteElo "2443"]
[BlackElo "2587"]
[WhiteFideId "663727"]
[BlackFideId "14102196"]
[EventDate "2020.05.16"]

1. d4 Nf6 2. c4 g6 3. Nc3 Bg7 4. e4 d6 5. Nf3 O-O 6. h3 c6 7. Bg5 h6 8. Be3 e5
9. d5 Na6 10. g4 Nc5 11. Nd2 a5 12. Qc2 a4 13. a3 Qa5 14. O-O-O Bd7 15. f3 Rfc8
16. h4 cxd5 17. exd5 b5 18. cxb5 Nxd5 19. Bxc5 Nxc3 20. Nc4 Qxb5 21. Nxd6 Qxc5
22. Nxc8 Rxc8 23. Qxc3 Qe3+ 24. Kc2 Rxc3+ 25. bxc3 Be6 0-1

[Event "ch-FRA Blitz Online Qual"]
[Site "Europe-Chess INT"]
[Date "2020.05.16"]
[Round "7"]
[White "Guseinov, Gadir"]
[Black "Muminova, Nafisa"]
[Result "1-0"]
[WhiteTitle "GM"]
[BlackTitle "WGM"]
[WhiteElo "2665"]
[BlackElo "2274"]
[WhiteFideId "13401378"]
[BlackFideId "14201526"]
[EventDate "2020.05.16"]

1. e4 e6 2. d4 d5 3. Nd2 c5 4. Ngf3 Nc6 5. exd5 Qxd5 6. Bc4 Qd7 7. Nb3 cxd4 8.
O-O Nf6 9. Nbxd4 Nxd4 10. Nxd4 a6 11. Bg5 Be7 12. c3 Qc7 13. Bd3 h6 14. Bh4 O-O
15. Qf3 Nd5 16. Bxe7 Qxe7 17. Rfe1 Qd6 18. Rad1 Qb6 19. Rd2 Bd7 20. Be4 Nf6 21.
Bxb7 Rab8 22. Bc6 Bc8 23. h3 Rd8 24. Qg3 Bd7 25. Bf3 Qa5 26. a3 Ba4 27. Ree2
Rbc8 28. Qf4 Qb6 29. Nxe6 Rxd2 30. Rxd2 Qxe6 31. Kh2 Bb3 32. Rd6 Qe1 33. Qd4 Re8
34. c4 Bc2 35. c5 Be4 36. Bxe4 Rxe4 37. Qd3 Re8 38. Qd4 Re4 39. Qd3 Re8 40. Qd4
Ne4 41. Rd8 Rxd8 42. Qxd8+ Kh7 43. Qd3 g6 44. c6 Nxf2 45. Qf3 Kg7 46. c7 Qe5+
47. Qg3 Qe1 48. Qc3+ Qxc3 49. bxc3 Ne4 50. c8=Q Nf6 51. Qxa6 1-0